1480 1026 1251 1782 1710 1101 1805 1297 1702 1486 1635 1215 1129 1032 1694 1004 1950 1008 1762 1600 1151 1386 1696 1640 1665 1268 1691 1675 1586 1327 1201 1453 1362 1351 1252 1596 1652 1360 1665 1747 1124 1630 1498 1636 1013 1364 1295 1366 1279 1782 1668 1936 1360 1668 1294 1355 1428 1234 1290 1010 1835 1518 1191 1789 1601 1001 1949 1587 1231 1332 1669 1945 1673 1023 1050 1265 1408 1015 1667 1068 1374 1536 1006 1630 1378 1764 1650 1144 1889 1284 1202 1824 1333 1208 1643 1268 1347 1339 1927 BCNSPRNW ULIB Ver.6.0+V

เปลี่ยนเป็นภาษาไทย

Change to English
 แสดงรายละเอียดบรรณานุกรม
  กลับหน้าหลัก

Brief Record : Get Marc (ISO 2709) : E-mail record : QR code < ปิดหน้าต่าง
LEADER : 00000nam a2200000Ia 4500
001    13399114311
003     ULIB
008    100701s2552 th a 000 0 tha d
020    ^a9789743001796
040    ^acl
060 04 ^aWH120^bว543ว
100 0  วิชัย ประยูรวิวัฒน์
245 00 ^aเวชปฏิบัติทางโลหิตวิทยา /^c[คณะบรรณาธิการ] วิชัย ประยูรวิวัฒน์, ปัญญา เสกสรรค์
250    ^aพิมพ์ครั้งที่ 1
260    ^aกรุงเทพฯ :^bสมาคมโลหิตวิทยาแห่งประเทศไทย,^c2552
300    ^a[16], 626 หน้า :^bภาพประกอบ ;^c26 ซม.
500    ^aชื่อเรื่องจากปกนอก
500    ^aSend to Single Search
650  4 ^aเลือด, โรค^xการรักษา
650  4 ^aเลือด, โรค^xการวินิจฉัย
650  4 ^aโลหิตวิทยา^vคู่มือปฏิบัติการ
653    ^aผลงานอาจารย์คณะแพทยศาสตร์ศิริราชพยาบาล
700 0  ^aวิชัย ประยูรวิวัฒน์,^eบรรณาธิการ
700 0  ^aปัญญา เสกสรรค์,^eบรรณาธิการ
710 2  ^aสมาคมโลหิตวิทยาแห่งประเทศไทย
945    ^p500^l0^i031370
945    ^p500^l0^i031371
945    ^p500^l0^i031372
995    ^aทศพร
999 ^a ทศพร
รายการนี้ยังไม่มีแท็ก
คุณยังไม่ได้ล็อกอิน คุณสามารถมีกิจกรรมร่วมกับเว็บไซต์ได้ แต่ต้องล็อกอินก่อน ::
  ล็อกอิน

รายการสื่อสารสนเทศ

ลำดับที่ ประเภท เลขเรียก/บาร์โค้ด สถานที่ สถานะ
1. วิทยาศาสตร์การแพทย์ และสุขภาพ
หนังสือสำรอง
สถานะ=หนังสือสำรอง
WH120 ว543ว ฉ.1 
  Barcode: 031370
ห้องสมุดวิทยาเขตสวรรค์ประชารักษ์
►ส่วนจัดเก็บหนังสือเก่า สปร
บนชั้น
  ขอยืม
2. วิทยาศาสตร์การแพทย์ และสุขภาพ
วิทยาศาสตร์การแพทย์ และสุขภาพ
WH120 ว543ว ฉ.2 
  Barcode: 031371
ห้องสมุดวิทยาเขตสวรรค์ประชารักษ์
►ส่วนจัดเก็บหนังสือเก่า สปร
บนชั้น
  ขอยืม
3. วิทยาศาสตร์การแพทย์ และสุขภาพ
วิทยาศาสตร์การแพทย์ และสุขภาพ
WH120 ว543ว ฉ.3 
  Barcode: 031372
ห้องสมุดวิทยาเขตสวรรค์ประชารักษ์
►ส่วนจัดเก็บหนังสือเก่า สปร
บนชั้น
  ขอยืม

รายการใกล้เคียง
    ผู้แต่ง [วิชัย ประยูรวิวัฒน์]

BibComment


ยังไม่เคยถูกคอมเมนท์

คอมเมนท์ทรัพยากรรายการนี้
  คอมเมนท์: เวชปฏิบัติทางโลห..


 Copyright 2026. Bcnsprnw @Library